书目信息 |
| 题名: |
海洋磁力测量数据处理方法及其应用研究
|
|
| 作者: | 边刚 著 | |
| 分册: | ||
| 出版信息: | 北京 测绘出版社 2015.06 |
|
| 页数: | 317页, [6] 页图版 | |
| 开本: | 24cm | |
| 丛书名: | ||
| 单 册: | ||
| 中图分类: | P714 | |
| 科图分类: | ||
| 主题词: | 海洋--hai yang--磁测量--数据处理--研究 | |
| 电子资源: | ||
| ISBN: | 978-7-5030-3578-4 | |
| 000 | 01284nam0 2200265 450 | |
| 001 | 96528 | |
| 005 | 20250912200951.01 | |
| 010 | @a978-7-5030-3578-4@dCNY97.00 | |
| 100 | @a20160414d2015 em y0chiy50 ea | |
| 101 | 0 | @achi@eeng |
| 102 | @aCN@b110000 | |
| 105 | @aafk a 000yy | |
| 106 | @ar | |
| 200 | 1 | @a海洋磁力测量数据处理方法及其应用研究@Ahai yang ci li ce liang shu ju chu li fang fa ji qi ying yong yan jiu@d= Marine magnetic survey data processing and its application@f边刚 ... [等] 著@zeng |
| 210 | @a北京@c测绘出版社@d2015.06 | |
| 215 | @a317页, [6] 页图版@c图@d24cm | |
| 300 | @a测绘地理信息科技出版资金资助 国家自然科学基金 (41374108, 41476087, 41576105) 资助出版 | |
| 320 | @a有书目 (第308-317页) | |
| 330 | @a本书系统地完善了高精度海洋磁力测量理论、深入地研究了海洋磁力测量的技术设计、实施及其数据处理方法, 并对海洋磁力测量的应用进行了探讨。主要内容包括: 海洋磁力测量的基础理论 ; 海洋磁力测量仪器 ; 海洋磁力技术设计与实施 ; 海洋磁力测量数据处理 ; 海洋地磁场空间归算的原理及方法 ; 海洋磁力测量的应用。 | |
| 510 | 1 | @aMarine magnetic survey data processing and its application@zeng |
| 606 | 0 | @a海洋@Ahai yang@x磁测量@x数据处理@x研究 |
| 690 | @aP714@v5 | |
| 701 | 0 | @a边刚@Abian gang@4著 |
| 801 | 0 | @aCN@c20250909 |
| 905 | @a河南城建学院图书馆@dP714@eB783 | |
| 海洋磁力测量数据处理方法及其应用研究= Marine magnetic survey data processing and its application/边刚 ... [等] 著.-北京:测绘出版社,2015.06 |
| 317页, [6] 页图版:图;24cm |
| 测绘地理信息科技出版资金资助 国家自然科学基金 (41374108, 41476087, 41576105) 资助出版 |
| ISBN 978-7-5030-3578-4:CNY97.00 |
| 本书系统地完善了高精度海洋磁力测量理论、深入地研究了海洋磁力测量的技术设计、实施及其数据处理方法, 并对海洋磁力测量的应用进行了探讨。主要内容包括: 海洋磁力测量的基础理论 ; 海洋磁力测量仪器 ; 海洋磁力技术设计与实施 ; 海洋磁力测量数据处理 ; 海洋地磁场空间归算的原理及方法 ; 海洋磁力测量的应用。 |
| ● |
| 相关链接 |
|
|
|
正题名:海洋磁力测量数据处理方法及其应用研究
索取号:P714/B783
 
预约/预借
| 序号 | 登录号 | 条形码 | 馆藏地/架位号 | 状态 | 备注 |
| 1 | 1638040 | 216380404 | 自科库401/401自科库 134排1列6层/ [索取号:P714/B783] | 在馆 |